| 000 | 01145nam a22003617a 4500 | ||
|---|---|---|---|
| 001 | 0007143 | ||
| 003 | KOHA_MİRAKIL | ||
| 005 | 20260207001547.0 | ||
| 007 | ta | ||
| 008 | 090914b2008 tu |||gr||||#||||0|tur | | ||
| 020 | _a9789750506147 | ||
| 040 |
_aTR-BiSEU _btur _cTR-BiSEU _erda |
||
| 041 | 0 | _atur | |
| 044 | _ctu | ||
| 050 |
_aJQ1809 _b.T87 2008 |
||
| 100 | 1 | _aTürk, H. Bahadır. | |
| 245 | 1 |
_aŞirket ve parti : _bGenç Parti ve "yeni siyaset"/ _cH. Bahadır Türk ; H. Bahadır Türk. |
|
| 264 | 1 |
_aİstanbul : _bİletişim Yayınları _c2008 |
|
| 300 | _a304 sayfa; 21 cm. | ||
| 336 |
_ametin _btxt _2rdacontent |
||
| 337 |
_aaracısız _bn _2rdamedia |
||
| 338 |
_acilt _bnc _2rdacarrier |
||
| 490 | 1 |
_aİletişim yayınları ; _v1335. |
|
| 490 | 1 |
_aAraştırma-inceleme ; _v227. |
|
| 500 | _aKaynakça ve dizin var. | ||
| 650 | 0 |
_aGenç Parti. _917639 |
|
| 650 | 0 |
_aTürkiye--Siyaset ve yönetim. _97157 |
|
| 650 | 0 |
_aYoung Party. _917640 |
|
| 650 | 0 |
_aTurkey--Politics and government. _97156 |
|
| 830 | 1 |
_aİletişim yayınları ; _v1335. _92528 |
|
| 830 | 1 |
_aAraştırma-inceleme ; _v227. _97903 |
|
| 942 |
_2lcc _cBK |
||
| 999 |
_c7124 _d7124 |
||